Weird But True! Quiz - Statistics

General Stats
  • This quiz has been taken 32 times
  • The average score is 14 of 30
Answer Stats
Question Answer % Correct
Does honey ever spoil? No
93%
Crayola has 29 shades of which color for their crayons? Red
82%
How many noses does a slug have? 4
75%
What color fur do ghost bats have? White
75%
Which weighs more, hot water or cold water? Cold Water
71%
A jellyfish can only sting when it's alive. True or false? False
71%
African elephants have ears shaped like which continent? Africa
68%
What is the world's smallest dog breed? the Chihuahua
68%
What number is Google named after? Googol
64%
What phase was the moon in on the Halloween of 2020? Full Moon
61%
What organ was removed through a mummy's nose in ancient Egypt? the Brain
61%
In Peru, what color underwear is considered to be lucky to wear on New Year's Day? Yellow
61%
About how long can cockroaches survive underwater (in minutes)? 15
54%
What percentage of people are unable to lick their elbows? 99%
54%
What is the only bird that can fly backwards? the Hummingbird
54%
What is phasmophobia the fear of? Ghosts
46%
What is the only flying mammal? Bats
43%
An 11-year-old girl name which celestial body in our solar system? Pluto
39%
What part of a butterfly's body do they use to taste? Their Feet
39%
How many "words" do cats use to "speak"? 16
36%
What are the holes in Swiss cheese called? Eyes
25%
What historical figure is Star Wars character Yoda designed to look like? Albert Einstein
21%
Snakes can't slither on what substance? Glass
18%
What is a baby porcupine called? a Porcupette
14%
What was the first food to be eaten in space by an American astronaut? Applesauce
14%
The world's longest place name has 167 letters. What is this place's (much shorter) official name? Bangkok, Thailand
14%
What color is spider blood? Clear
14%
What lizard-like reptile has a third eye on the top of its head? the Tuatara
14%
What is the fear of getting peanut butter stuck to the roof of you mouth called? Arachibutyrophobia
11%
What do you call the offspring of a male Zebra and a female Donkey? a Zedonk
11%
No matching quizzes found
Score Distribution
Percent of People with Each Score
Percentile by Number Answered
Your Score History
You have not taken this quiz